| 000 | 00595nam a22001817a 4500 | ||
|---|---|---|---|
| 005 | 20231031103153.0 | ||
| 008 | 231031b |||||||| |||| 00| 0 eng d | ||
| 020 | _a0702104329 | ||
| 041 | _aEnglish | ||
| 082 | _a346.7 CAN | ||
| 100 |
_aCaney, LR _lEnglish |
||
| 245 |
_aA Treatise on the Law relating to Novation Including delegation, Compromise and Res Judicata _cLR Caney |
||
| 250 | _aSecond Edition | ||
| 260 |
_aCape Town : _bJuta and Company Ltd, _c1973 |
||
| 300 |
_bxxiii, 112 pages ; _c22 cm. |
||
| 650 |
_aegal practice _bLaw |
||
| 942 |
_cBK _6ALISON_BN_VRIES |
||
| 999 |
_c179 _d179 |
||